[Event "Spring Open"]
[Site "Belgrade SRB"]
[Date "2009.03.21"]
[Round "1"]
[White "Cicmil,S"]
[Black "Milanovic,Ma"]
[Result "1-0"]
[WhiteElo "2135"]
[BlackElo "1713"]

1.d4 Nf6 2.Bg5 Ne4 3.Bh4 g5 4.f3 gxh4 5.fxe4 c5 6.e3 Bh6 7.Kf2 Qb6 8.Nc3 Qxb2
9.Nd5 Qa3 10.Qh5 Bg7 11.Qg5 Bf6 12.Nxf6+ exf6 13.Qxf6 Rf8 14.d5 Qa5 15.Qe5+ Kd8
16.Nf3 Qb6 17.d6 Nc6 18.Qf6+ Ke8 19.Bc4 Qd8 20.Qg7 f6 21.Rhf1  1-0

[Event "Open A"]
[Site "Zagreb CRO"]
[Date "2009.03.25"]
[Round "5"]
[White "Cebalo,M"]
[Black "Martinovic,Sa"]
[Result "1-0"]
[WhiteElo "2509"]
[BlackElo "2427"]

1.d4 Nf6 2.Bg5 Ne4 3.Bf4 d5 4.e3 c5 5.Bd3 Nf6 6.Nf3 Nc6 7.O-O Bg4 8.c3 e6
9.h3 Bh5 10.Nbd2 Bd6 11.dxc5 Bxc5 12.Qb3 Qe7 13.Ne5 O-O 14.g4 Nxe5 15.Bxe5 Bg6
16.Bxg6 hxg6 17.c4 Rfd8 18.Nf3 dxc4 19.Qxc4 Rac8 20.Rac1 Qd7 21.Qe2 Bd6 22.Bxd6 Qxd6
23.Qb5 Qd5 24.Qxd5 Nxd5 25.g5 f6 26.Kg2 Kf7 27.Rfd1 Rxc1 28.Rxc1 e5 29.Rc4 Ke6
30.Nh4 Ne7 31.Rc7 Rd7 32.Rxd7 Kxd7 33.Kf3 fxg5 34.Ng2 Ke6 35.Ne1 Ng8 36.Nd3 b6
37.Kg4 Kf6 38.Nb4 Nh6+ 39.Kf3 Ke6 40.e4 Ng8 41.Nd3 Nf6 42.b4 Ne8 43.b5 Nc7
44.a4 a6 45.a5 Nxb5 46.axb6 Kd6 47.Kg4 Nc3 48.f3 Ne2 49.Nxe5 Nd4 50.Nc4+ Kc5
51.b7 Nc6 52.e5 Kd5  1-0

[Event "Open"]
[Site "Reykjavik ISL"]
[Date "2009.03.28"]
[Round "5"]
[White "Thorfinnsson,Bj"]
[Black "Gupta,Ab"]
[Result "1/2-1/2"]
[WhiteElo "2408"]
[BlackElo "2569"]

1.d4 Nf6 2.Bg5 Ne4 3.Bf4 d5 4.e3 c5 5.Nd2 Qb6 6.Nxe4 dxe4 7.b3 Nd7 8.Bc4 cxd4
9.exd4 e5 10.dxe5 Bb4+ 11.Kf1 Bc3 12.Qd5 Bxa1 13.Qxf7+ Kd8 14.Qxg7 Rf8 15.Qg5+ Kc7
16.e6+ Rxf4 17.Qxf4+ Ne5 18.Qxe4 Bxe6 19.Qxh7+ Bd7 20.Be2 Rf8 21.Nf3 Ng4
22.Qh4 Bd4 23.Qg3+ Kc8 24.Nxd4 Rxf2+ 25.Ke1 Qxd4 26.h3 Rxg2 27.Qf3 Rf2 28.Qd3 Qa1+
29.Bd1 Qe5+ 30.Be2 Rxe2+ 31.Qxe2 Qc3+ 32.Kd1 Qa1+ 33.Kd2 Qxh1 34.Qc4+ Qc6
35.Qxc6+ bxc6 36.hxg4 Bxg4 37.Ke3 Bf5 38.c4 Bb1 39.Kd4 Bxa2 40.b4 a5 41.b5 a4
42.bxc6 a3 43.Kc3 Bxc4 44.Kc2 Ba2 45.Kc3 Be6 46.Kc2 Ba2 47.Kc3  1/2-1/2

[Event "Open B"]
[Site "Zagreb CRO"]
[Date "2009.03.28"]
[Round "8"]
[White "Stipic,B"]
[Black "Mihalincic,T"]
[Result "0-1"]
[WhiteElo "2097"]
[BlackElo "2244"]

1.d4 Nf6 2.Bg5 Ne4 3.Bf4 c5 4.d5 Qb6 5.Qc1 g5 6.Be5 f6 7.Bg3 Bg7 8.c3 e5
9.Nd2 Nxg3 10.hxg3 f5 11.Nc4 Qf6 12.d6 b6 13.f4 gxf4 14.gxf4 e4 15.Qd2 Bb7
16.Ne3 Qg6 17.O-O-O Rf8 18.Nh3 Qg3 19.Nd5 Bxd5 20.Qxd5 Nc6 21.Kb1 h6 22.e3 a6
23.Qd2 Rf6 24.Nf2 Bf8 25.Rh3 Qg6 26.Be2 Qxg2 27.Qc2 Bxd6 28.Rdh1 Qg7 29.Qa4 Ra7
30.Qd1 Kd8 31.Bh5 Kc7 32.Rg1 Qf8 33.Rhg3 c4 34.Rg8 Qe7 35.R1g7 Qe6 36.Be8 Be7
37.Rg6 b5 38.Rxf6 Bxf6 39.Qg1 Ne7 40.Rf8 b4 41.cxb4 Rb7 42.a3 a5 43.Bf7 Qc6
44.Qc1 axb4 45.Qxc4 bxa3 46.Qxc6+ dxc6 47.Nd1 Bg7 48.Ra8 axb2 49.Ra5 Kd6
50.Bh5 Nd5 51.Bg6 Rb3 52.Ra7 Bf6 53.Bxf5 Nxe3 54.Rd7+ Kc5 55.Bxe4 Nc4 56.Nf2 Ra3
57.Rd1 Ra1+ 58.Kc2 Ne3+  0-1

[Event "Open A"]
[Site "Zagreb CRO"]
[Date "2009.03.29"]
[Round "9"]
[White "Brumen,D"]
[Black "Majeric,Z"]
[Result "1-0"]
[WhiteElo "2359"]
[BlackElo "2292"]

1.d4 Nf6 2.Bg5 Ne4 3.Bf4 e6 4.f3 Bd6 5.Bxd6 Nxd6 6.e4 O-O 7.Nc3 f5 8.Qd2 b6
9.O-O-O Bb7 10.e5 Nf7 11.f4 d6 12.Qe3 d5 13.h3 Qe7 14.g4 g6 15.Nf3 c5 16.Kb1 Nc6
17.Rg1 Kh8 18.Ne2 Ba6 19.Ng3 Bxf1 20.Rgxf1 cxd4 21.Nxd4 Nxd4 22.Rxd4 Nh6
23.g5 Nf7 24.h4 Rac8 25.h5 Kg7 26.Rh1 Rc4 27.Ne2 Rcc8 28.Rd2 Rh8 29.Nd4 h6
30.hxg6 hxg5 31.Rg1 Kxg6 32.Rdg2 Rh5 33.fxg5 Rch8 34.Ne2 Rh1 35.Nf4+ Kg7
36.a3 R8h4 37.Rxh1 Rxh1+ 38.Ka2 Rh4 39.Rg3 Nh8 40.g6 Rh6 41.Qg1 Qe8 42.Rc3 Nxg6
43.Rc7+  1-0

[Event "Open"]
[Site "Reykjavik ISL"]
[Date "2009.04.01"]
[Round "9"]
[White "Perunovic,Mio"]
[Black "Nataf,IA"]
[Result "0-1"]
[WhiteElo "2439"]
[BlackElo "2533"]

1.d4 Nf6 2.Bg5 Ne4 3.Bf4 c5 4.f3 Qa5+ 5.c3 Nf6 6.d5 e6 7.e4 exd5 8.exd5 d6
9.Na3 Be7 10.Nc4 Qd8 11.a4 Na6 12.g4 O-O 13.Ne2 Nc7 14.Ne3 Nd7 15.Kf2 Re8
16.Qd2 Bh4+ 17.Bg3 Ne5 18.Nf4 Qf6 19.Nc4 Bxg4 20.fxg4 Nxc4 21.Bxc4 Re4 22.Kf3 Rxc4
23.Qd3 Rxf4+ 24.Bxf4 g5 25.Qf5 Qxf5 26.gxf5 gxf4 27.Rhg1+ Kf8 28.Rad1 Bf6
29.Kxf4 Re8 30.Rg2 h6 31.a5 Bg5+  0-1

[Event "Genset Cup"]
[Site "Szombathely HUN"]
[Date "2009.04.03"]
[Round "9"]
[White "Stavrianakis,I"]
[Black "Kislik,E"]
[Result "1/2-1/2"]
[WhiteElo "2214"]
[BlackElo "2310"]

1.d4 Nf6 2.Bg5 Ne4 3.Bf4 c5 4.f3 Qa5+ 5.c3 Nf6 6.d5 Qb6 7.e4 d6 8.Qb3 Qd8
9.Nd2 g6 10.Bb5+ Nbd7 11.Ne2 Bg7 12.O-O O-O 13.Bd3 Ne5 14.Qc2 Nh5 15.Bg5 h6
16.Be3 Bd7 17.a4 Qe8 18.a5 Kh8 19.Nc4 Nxd3 20.Qxd3 Bb5 21.b3 Nf6 22.Qd2 Kh7
23.Nb2 Ba6 24.c4 Qd8 25.b4 cxb4 26.Qxb4 Nd7 27.Rfc1 Nc5 28.Bd4 Rc8 29.Ra3 e6
30.dxe6 fxe6 31.Bxg7 Kxg7 32.Rd1 Qe7 33.Nd4  1/2-1/2

[Event "Arnold Eikrem Memorial"]
[Site "Oslo NOR"]
[Date "2009.04.04"]
[Round "1"]
[White "Macieja,B"]
[Black "Trygstad,K"]
[Result "1-0"]
[WhiteElo "2601"]
[BlackElo "2314"]

1.d4 Nf6 2.Bg5 Ne4 3.Bf4 c5 4.f3 Qa5+ 5.c3 Nf6 6.d5 g6 7.e4 d6 8.a4 Bg7 9.Bb5+ Bd7
10.Bxd7+ Nbxd7 11.Nd2 Qa6 12.Qe2 Nh5 13.Qxa6 bxa6 14.Be3 Rb8 15.O-O-O Ne5
16.Kc2 f5 17.exf5 gxf5 18.Nh3 Nf6 19.c4 Rb4 20.b3 Kd7 21.Rhe1 Ng6 22.Nf1 Rhb8
23.Rb1 Nh5 24.Ng5 Nh4 25.Re2 f4 26.Bd2 R4b7 27.Ne6 Nf5 28.Re4 Be5 29.Rxe5 dxe5
30.Nxc5+ Kd6 31.Nxb7+ Rxb7 32.Bc3 Nf6 33.Re1 Nd7 34.g3 Nd4+ 35.Bxd4 exd4
36.Re6+ Kc5 37.Rxe7 Kb4 38.Rxh7 d3+ 39.Kb2 fxg3 40.hxg3 Nc5 41.Rxb7+ Nxb7
42.Nd2 a5 43.Ne4  1-0

[Event "TCh-HUN 2008-9"]
[Site "Decs HUN"]
[Date "2009.04.05"]
[Round "10"]
[White "Pataki,G"]
[Black "Konnyu,J"]
[Result "0-1"]
[WhiteElo "2325"]
[BlackElo "2316"]

1.d4 Nf6 2.Bg5 Ne4 3.Bf4 c5 4.f3 Qa5+ 5.c3 Nf6 6.Nd2 cxd4 7.Nb3 Qb6 8.Qxd4 Nc6
9.Qxb6 axb6 10.Nd4 Ra4 11.Be3 e5 12.Nb5 Bc5 13.Bxc5 bxc5 14.Nd6+ Ke7 15.Nf5+ Kd8
16.Nd6 Kc7 17.Nb5+ Kb8 18.Nd6 Rf8 19.e4 Ne8 20.Nxc8 Kxc8 21.Bb5 Ra5 22.Bc4 Nd6
23.Bb3 Kc7 24.Ne2 Rfa8 25.a3 Rb5 26.Bd5 Rxb2 27.Kf2 Nb5 28.Ke3 f5 29.a4 f4+
30.Kd3 Nd6 31.Rhe1 Ra6 32.g3 g5 33.h4 h6 34.hxg5 hxg5 35.g4 Na5 36.c4 Rab6
37.Nc3 Nb3 38.Ra2 Rxa2 39.Nxa2 Nd4 40.Rf1 Rb3+ 41.Nc3 Nc8 42.Kd2 Rb2+ 43.Kd3 Na7
44.Nb5+ Naxb5 45.cxb5 Rb4 46.Rc1 Rxa4 47.Rxc5+ Kb6 48.Rc8 Ra3+ 49.Kc4 Nxf3
50.Rb8 Ra7 51.Kb4 Kc7 52.Rg8 Ra1 53.Rg6 b6 54.Rg7 Nd4 55.Rxg5 f3 56.Rxe5 f2
57.Bc4 Rb1+ 58.Kc3 Rc1+ 59.Kxd4 Rxc4+ 60.Kxc4 f1=Q+ 61.Kb4 Qb1+ 62.Kc4 Qc2+
63.Kd4 Qb2+ 64.Kd5 Qc3  0-1

[Event "11th European Senior Team"]
[Site "Velden AUT"]
[Date "2009.04.08"]
[Round "4"]
[White "Walther,D"]
[Black "Hoen,R"]
[Result "0-1"]
[WhiteElo "2173"]
[BlackElo "2273"]

1.d4 Nf6 2.Bg5 Ne4 3.Be3 d5 4.f3 Nf6 5.Qd3 e6 6.Bf2 b6 7.Nd2 Ba6 8.Qc3 Qd7
9.Nh3 Nc6 10.a3 Bd6 11.e4 Bxf1 12.Rxf1 e5 13.O-O-O exd4 14.Bxd4 Nxd4 15.Qxd4 O-O-O
16.e5 Bc5 17.Qd3 Ne8 18.Ne4 Be7 19.f4 f5 20.Neg5 Bxg5 21.Nxg5 g6 22.e6 Qe7
23.Nf7 Nf6 24.Nxh8 Rxh8 25.Rfe1 Kb7 26.Re5 Rd8 27.h3 c6 28.Qf3 Rd6 29.Rde1 Ne4
30.g4 Rxe6 31.Rxe6 Qxe6 32.gxf5 Qxf5 33.Qg4 Qf7 34.Rf1 Nd6 35.Qg5 d4 36.Qe5 Qa2
37.Qe7+ Ka6 38.Qxd6 Qa1+ 39.Kd2 Qxf1 40.Qxd4 Qg2+ 41.Kd1 Qxh3 42.Qc4+ Kb7
43.Qf7+ Kb8 44.b3 Qg4+ 45.Kc1 h5 46.Qe8+ Kc7 47.Qe5+ Kd7 48.Qg7+ Ke6 49.Qc7 Qg1+
50.Kb2 Qd4+ 51.Kb1 Qd6 52.Qxa7 c5 53.a4 Kf5 54.Qf7+ Kg4 55.Qc4 Kg3 56.Qf1 Qd5
57.b4 cxb4 58.Qg1+ Kxf4 59.Qxg6 b3 60.Qf6+ Ke3 61.Qxb6+ Ke2 62.cxb3 h4 63.Kb2 h3
64.Qc7 Qd2+ 65.Ka3 Qd1  0-1

[Event "11th European Senior Team"]
[Site "Velden AUT"]
[Date "2009.04.08"]
[Round "4"]
[White "Nickl,K"]
[Black "Kool,G"]
[Result "1/2-1/2"]
[WhiteElo "2150"]
[BlackElo "2164"]

1.d4 Nf6 2.Bg5 Ne4 3.Bf4 c5 4.f3 Nf6 5.dxc5 Qa5+ 6.Nc3 e6 7.a3 Qxc5 8.e4 Nh5
9.Bd2 a6 10.Qe2 d6 11.Be3 Qc7 12.Nh3 Bd7 13.g4 Nf6 14.Nf4 h6 15.h4 Nc6 16.Qf2 Ne5
17.Be2 Bc6 18.O-O-O Nfd7 19.g5 g6 20.gxh6 Bxh6 21.Ng2 Bxe3+ 22.Nxe3 Nf6 23.f4 Nxe4
24.Qe1 Nd7 25.Nc4 d5 26.Nxe4 dxe4 27.Nd6+ Kf8 28.Qc3 Rh7 29.h5 Rd8 30.hxg6 Rxh1
31.g7+ Ke7 32.Rxh1 Qxd6 33.Rh8 Qxf4+ 34.Kb1 Nf6 35.Qc5+ Rd6 36.g8=Q Nxg8
37.Rxg8 Qd2 38.Qf2 Qh6 39.Qa7 Qh4 40.Qb8 Qh6  1/2-1/2

[Event "ArcelorMittal Open"]
[Site "Frydek Mistek CZE"]
[Date "2009.04.09"]
[Round "1"]
[White "Lys,J"]
[Black "Miklasova,M"]
[Result "1-0"]
[WhiteElo "2196"]
[BlackElo "1871"]

1.d4 Nf6 2.Bg5 Ne4 3.Bf4 d5 4.c4 e6 5.a3 c6 6.f3 Qa5+ 7.b4 Bxb4+ 8.axb4 Qxa1
9.fxe4 Qb2 10.exd5 Qxb4+ 11.Nd2 exd5 12.e3 Be6 13.cxd5 cxd5 14.Nf3 f6 15.Bd3 O-O
16.O-O Nc6 17.Nb3 Ne7 18.Nc5 Bf7 19.Qc2 Bg6 20.Rb1 Qa3 21.Rxb7 Bxd3 22.Nxd3 Rac8
23.Nc5 Ng6 24.Rb3 Qa1+ 25.Rb1 Qa3 26.Qf5 Nxf4 27.exf4 Qa2 28.Rb7 Rb8 29.Qe6+ Kh8
30.Qd6 Rbe8 31.Ne6 Qe2 32.f5 Rg8 33.Qxd5 Rc8 34.Nc5 a5 35.h3 a4 36.Ra7 Qe3+
37.Kh2 Rb8 38.Ne6 a3 39.Qa5 a2 40.Qxa2 Qe4 41.Ra5 g6 42.Qd5 gxf5 43.Qxf5 Qxf5
44.Rxf5 Rg6 45.Nf4 Rh6 46.d5 Rd8 47.Nd2 Kg7 48.Ne4 Kf7 49.Nf2 Rd6 50.Ng4 Rg6
51.Nxg6 hxg6 52.Rxf6+ Rxf6 53.Nxf6 Kxf6 54.Kg3 Ke5 55.Kg4 Kxd5 56.Kg5 Ke5
57.h4  1-0

[Event "ARCIMPEX Cup"]
[Site "Frydek Mistek CZE"]
[Date "2009.04.09"]
[Round "2"]
[White "Motuz,K"]
[Black "Vesselovsky,S"]
[Result "1-0"]
[WhiteElo "2334"]
[BlackElo "2390"]

1.d4 Nf6 2.Bg5 Ne4 3.h4 c5 4.dxc5 Qa5+ 5.Nd2 Nxg5 6.hxg5 g6 7.Rh4 Nc6 8.Rc4 Ne5
9.Rc3 Bg7 10.Nb3 Qb4 11.a3 Qh4 12.Qd2 Nc4 13.Rxc4 Qxc4 14.O-O-O O-O 15.Nf3 b6
16.e3 Qe6 17.Nfd4 Qg4 18.cxb6 Qxg5 19.bxa7 Rxa7 20.f4 Qf6 21.g4 h6 22.c3 Qb6
23.f5 Ba6 24.Qc2 g5 25.Bxa6 Rxa6 26.Qe4 Rb8 27.Rd2 e5 28.fxe6 dxe6 29.Na1 Ra4
30.Qc2 Rc4 31.b4 Qc7 32.Kb2 Rc8 33.Rd3 e5 34.Nb5 Qb8 35.Nd6 e4 36.Nxc4 exd3
37.Qxd3 Qg3 38.Qe4 Qe1 39.Qd3 Qxc3+ 40.Qxc3 Rxc4 41.Qxg7+ Kxg7 42.Nb3 Rxg4
43.b5 Rc4 44.Nd4 h5 45.b6 Rc8 46.a4 h4 47.a5 Rb8 48.Kc3 Kg6 49.Kb4 g4 50.Ne2 h3
51.Kb5 Kg5 52.a6 h2 53.Ng3 Kh4 54.a7 Re8 55.b7 Kxg3 56.b8=Q+ Rxb8+ 57.axb8=Q+ Kg2
58.Qa8+ Kg1 59.Qa1+ Kg2 60.Qb2+ Kh3 61.Qb1 Kg2 62.Qc2+ Kg1 63.Qd1+ Kf2 64.e4 g3
65.Qh1  1-0

[Event "16th TCh-RUS Premier"]
[Site "Dagomys RUS"]
[Date "2009.04.10"]
[Round "7"]
[White "Pankov,Ger"]
[Black "Vachier Lagrave,M"]
[Result "0-1"]
[WhiteElo "2384"]
[BlackElo "2684"]

1.d4 Nf6 2.Bg5 Ne4 3.Bf4 c5 4.d5 Qb6 5.Bc1 g6 6.f3 Nd6 7.e4 Bg7 8.Nd2 O-O
9.Bd3 f5 10.c4 fxe4 11.fxe4 Nf7 12.Ngf3 d6 13.O-O Nd7 14.Rb1 Nf6 15.Qe1 Bd7
16.Nb3 Ng4 17.Bd2 Qa6 18.Nc1 Nfe5 19.Be2 Nxf3+ 20.gxf3 Bd4+ 21.Kg2 Ne3+ 22.Bxe3 Bxe3
23.Bd3 Bg5 24.Ne2 e5 25.dxe6 Bxe6 26.Qc3 Rae8 27.a3 Qc6 28.Qe1 Kh8 29.Qg3 Bf6
30.Nc3 g5 31.Nd5 Be5 32.Qf2 Qd7 33.Kh1 Qf7 34.Be2 Rg8 35.Qg2 Rg6 36.Ne3 Rf8
37.Ng4 Bd4 38.b3 h5 39.Nf2 Qd7 40.Rbd1 Rf4 41.Rfe1 Rg7 42.Qg3 Rf6 43.Rf1 Be5
44.Qg1 Qc8 45.Rd2 Qf8 46.Rdd1 Bd4 47.Rxd4 cxd4 48.Nd3 Bh3 49.Rf2 g4 50.Qg3 Qe7
51.Nf4 gxf3 52.Qxf3 Bg4 53.Qd3 Qe5  0-1

[Event "ArcelorMittal Open"]
[Site "Frydek Mistek CZE"]
[Date "2009.04.10"]
[Round "3"]
[White "Karhanek,P"]
[Black "Nguyen,Dinh"]
[Result "1/2-1/2"]
[WhiteElo "2192"]
[BlackElo "2032"]

1.d4 Nf6 2.Bg5 Ne4 3.Bf4 g6 4.Nd2 d5 5.Nxe4 dxe4 6.f3 Bg7 7.e3 c5 8.c3 cxd4
9.exd4 exf3 10.Nxf3 O-O 11.Be2 b6 12.O-O Bb7 13.Bc4 e6 14.Qe2 Nc6 15.Qe3 Ne7
16.Be5 Nf5 17.Qf2 Bxf3 18.Qxf3 Bxe5 19.dxe5 Qc7 20.Qe2 Qc5+ 21.Rf2 Ne3 22.Bb3 h5
23.h3 Rad8 24.Re1 Nf5 25.Qc4 Qxc4 26.Bxc4 Rd7 27.Bb5 Rd5 28.Bc4 Rd7  1/2-1/2

[Event "LV Abierto Mexicano"]
[Site "Toluca MEX"]
[Date "2009.04.10"]
[Round "4"]
[White "Hernandez Guerrero,G"]
[Black "Vega Garcia,J"]
[Result "1/2-1/2"]
[WhiteElo "2543"]
[BlackElo "2281"]

1.d4 Nf6 2.Bg5 Ne4 3.Bf4 d5 4.e3 e6 5.Bd3 f5 6.f3 Nf6 7.c4 Bd6 8.Ne2 O-O
9.Nbc3 c6 10.Qc2 Qe7 11.O-O-O Nbd7 12.Rhe1 dxc4 13.Bxc4 Nb6 14.Bb3 Nfd5 15.Bxd5 exd5
16.Bxd6 Qxd6 17.Nf4 Nc4 18.g3 Bd7 19.Nd3 Rae8 20.Qf2 Qh6 21.f4 Nd6 22.Ne5 Re7
23.Kb1 Be8 24.Rc1 Qe6 25.Na4 Ne4 26.Qc2 b6 27.Nc3 Nd6 28.Qb3 Kh8 29.Rc2 Rf6
30.Rec1 h6 31.a4 Nc4 32.Nd1 Qd6 33.Ka1 Na5 34.Qc3 c5 35.dxc5 Qxc5 36.b4 Qxc3+
37.Rxc3 Nc4 38.Nxc4 dxc4 39.b5 Bf7 40.Kb1 Rd6 41.Nb2 Kh7 42.Kc2 g6 43.Rd1 Rxd1
44.Kxd1 Re4 45.Kd2 Kg7 46.Ra3 Re7 47.a5 Rd7+ 48.Kc3 Rd5 49.axb6 axb6 50.Kb4 Be8
51.Ra7+ Kf6 52.Nxc4 Rxb5+ 53.Kc3 Rb1 54.Ra6 Bf7 55.Rxb6+ Rxb6 56.Nxb6 Be6
57.Kd4 g5 58.Kc5 gxf4 59.gxf4 Kg6 60.Kd6 Bb3 61.Ke5 Bc2 62.Nd5 Kh5 63.Ne7 Kg4
64.Nxf5 Bxf5 65.h3+ Kxh3 66.Kxf5 h5 67.Kg5 h4 68.f5  1/2-1/2

[Event "11th European Senior Team"]
[Site "Velden AUT"]
[Date "2009.04.10"]
[Round "6"]
[White "Fritsch,J"]
[Black "Laitinen,Ma"]
[Result "0-1"]
[WhiteElo "2011"]
[BlackElo "1855"]

1.d4 Nf6 2.Bg5 Ne4 3.Bf4 c5 4.d5 Qa5+ 5.Bd2 Nxd2 6.Qxd2 Qxd2+ 7.Nxd2 d6 8.e4 g6
9.h4 Bg7 10.c3 h5 11.Ngf3 a6 12.Nc4 Nd7 13.Ng5 b5 14.Ne3 Ne5 15.Be2 Rb8 16.O-O O-O
17.f4 Ng4 18.Nd1 e6 19.Bxg4 hxg4 20.Ne3 b4 21.Rac1 bxc3 22.bxc3 Rb2 23.Rf2 Rb5
24.g3 Rd8 25.dxe6 Bxe6 26.Nxe6 fxe6 27.Nxg4 c4 28.Kg2 Rdb8 29.Rcc2 Rb1 30.Ne3 Rc8
31.Rf1 Rb5 32.Rd1 Rc6 33.Kf3 Ra5 34.Ng4 Ra3 35.e5 d5 36.Ke2 Rb6 37.Nh2 Kf7
38.Nf3 Bf8 39.Ng5+ Kg7 40.Kf3 Bb4 41.Rb1 d4 42.Nxe6+ Rxe6 43.Rxb4 d3 44.Rd2 Rxc3
45.Ke3 Rc6 46.g4 Rc1 47.g5 Re1+ 48.Kd4 Re2 49.Rb7+ Kf8 50.Rxe2 dxe2 51.Rb1 c3
52.Ke3 c2 53.Rc1 e1=Q+ 54.Rxe1 c1=Q+ 55.Rxc1 Rxc1  0-1

[Event "LV Abierto Mexicano"]
[Site "Toluca MEX"]
[Date "2009.04.12"]
[Round "8"]
[White "Leon Hoyos,M"]
[Black "Carreto Nieto,G"]
[Result "1-0"]
[WhiteElo "2527"]
[BlackElo "2212"]

1.d4 Nf6 2.Bg5 Ne4 3.Bf4 c5 4.f3 Nf6 5.d5 Qb6 6.e4 Qxb2 7.Nd2 Qc3 8.Bc7 d6
9.Ne2 Qe3 10.Nc4 Qh6 11.Ba5 g6 12.Bc3 Nbd7 13.Rb1 b5 14.Bd2 Qg7 15.Rxb5 Ba6
16.Nc3 Bxb5 17.Nxb5 Rb8 18.Na5 Ne5 19.Qb1 Nfd7 20.Nc6 Rb7 21.Nxd6+ exd6 22.Qxb7  1-0

[Event "PWC Open"]
[Site "Toronto CAN"]
[Date "2009.04.18"]
[Round "2"]
[White "Cheng,Bi"]
[Black "Wight,K"]
[Result "1-0"]
[WhiteElo "2361"]
[BlackElo "2030"]

1.d4 Nf6 2.Bg5 Ne4 3.Bf4 c5 4.f3 Qa5+ 5.c3 Nf6 6.Nd2 cxd4 7.Nb3 Qf5 8.Bxb8 Rxb8
9.Qxd4 b6 10.e4 Qg6 11.e5 Ng8 12.O-O-O Qc6 13.Nh3 e6 14.Bd3 Bc5 15.Qg4 Ne7
16.Ng5 Be3+ 17.Kb1 h5 18.Qg3 Qa4 19.Ne4 Nf5 20.Qe1 Bb7 21.Nd6+ Nxd6 22.Qxe3 Nc4
23.Qg5 g6 24.Nd4 b5 25.b3 Na3+ 26.Kb2 Qa5 27.Bxg6 Bd5 28.Bxf7+ Kf8 29.Bg6 Nc4+
30.Kc2 Qxa2+ 31.Kd3 Nb2+ 32.Ke3 Rh7 33.Bxh7 Nxd1+ 34.Rxd1  1-0

[Event "PWC Open"]
[Site "Toronto CAN"]
[Date "2009.04.18"]
[Round "3"]
[White "Cheng,Bi"]
[Black "Sambuev,B"]
[Result "0-1"]
[WhiteElo "2361"]
[BlackElo "2498"]

1.d4 Nf6 2.Bg5 Ne4 3.Bf4 c5 4.c3 cxd4 5.Qxd4 d5 6.Bxb8 Rxb8 7.Qxa7 Bd7 8.Qd4 e6
9.e3 Qh4 10.g3 Qh6 11.Nd2 Bc5 12.Qd3 f5 13.Ngf3 O-O 14.Be2 Nd6 15.Nb3 Bb6
16.Ne5 Bb5 17.Qc2 Ba4 18.Qc1 Nf7 19.Nxf7 Rxf7 20.Qd2 Bc6 21.O-O-O e5 22.Rhe1 Rd8
23.Kb1 Qe6 24.f4 Re7 25.Bd3 Rde8 26.fxe5 Qxe5 27.Nd4 g6 28.Re2 Qf6 29.Rf1 Qg5
30.Rf3 Re5 31.h4 Qh5 32.Rf4 Bc7 33.Rf3 R5e7 34.Rf1 Qh6 35.Rf3 Qh5 36.Rg2 Be5
37.Rf1 Bg7 38.Be2 Qh6 39.g4 Qxe3 40.Qxe3 Rxe3 41.Bb5 Bxb5 42.Nxb5 Re1+ 43.Rxe1 Rxe1+
44.Kc2 f4 45.Nc7 d4 46.Rf2 dxc3 47.bxc3 Be5 48.Ne6 Rg1 49.Nxf4 Rxg4 50.Ne6 Bd6
51.Rd2 Be7 52.Rd7 Bxh4 53.Rg7+ Kh8 54.Rxb7 h5 55.Rd7 Bf6 56.Nd8 Kg8 57.Nf7 Bg7
58.a4 Rxa4 59.Ng5 Bf6 60.Nf7 Rf4 61.Kd3 Kf8 62.Nd6 Be7 63.Nc4 Bf6 64.Ne3 Bg5
65.Nd5 Rf7 66.Rd6 Kg7 67.c4 h4 68.c5 h3 69.c6 h2 70.c7 Rxc7 71.Nxc7 h1=Q
72.Ne6+ Kh6 73.Rd8  0-1

[Event "ch-AZE U20"]
[Site "Baku AZE"]
[Date "2009.04.19"]
[Round "6"]
[White "Agayev,N"]
[Black "Rzayev,B"]
[Result "1-0"]
[WhiteElo "2286"]
[BlackElo "2273"]

1.d4 Nf6 2.Bg5 Ne4 3.Bf4 d5 4.Nd2 Nxd2 5.Qxd2 e6 6.Nf3 Be7 7.e3 O-O 8.Bd3 b6
9.O-O c5 10.dxc5 bxc5 11.c4 Bb7 12.Rfd1 Nd7 13.Qc2 h6 14.cxd5 exd5 15.Bh7+ Kh8
16.Bf5 Nf6 17.Be5 Qb6 18.Rac1 Rad8 19.b4 c4 20.Bd4 Qa6 21.Rb1 Bc6 22.Qb2 Bb5
23.Bc2 Rb8 24.Bc3 Ba4 25.Qa3 Bb5 26.Qxa6 Bxa6 27.a4 Bb7 28.Ne5 Kg8 29.Bd4 a6
30.b5 axb5 31.axb5 Ra8 32.f3 g6 33.Ra1 Rfc8 34.b6 Rab8 35.Ra5 Bc6 36.g4 Bd8
37.Rb1 Nd7 38.Nxc6 Rxc6 39.Rxd5 Nxb6 40.Rdb5 Bc7 41.Be4 Re6 42.Bd5 Rd6 43.Bxc4 Rc8
44.Bf1 Nd7 45.Rb7 Nf8 46.R7b2 Ne6 47.Rc2 Rcd8 48.Bf6 Ra8 49.Be5 Rd7 50.Rb7 Rc8
51.Kg2 Kh7 52.Ba6 Ra8 53.Bb5 Bxe5 54.Rxd7 Kg8 55.Bc4  1-0

[Event "XV Leonardo di Bona Magistrale"]
[Site "Cutro ITA"]
[Date "2009.04.20"]
[Round "3"]
[White "Meijers,V"]
[Black "Georgiev,Vl"]
[Result "1/2-1/2"]
[WhiteElo "2458"]
[BlackElo "2539"]

1.d4 Nf6 2.Bg5 Ne4 3.Bf4 d6 4.Nd2 Nf6 5.e4 Nc6 6.Ngf3 Nxd4 7.Nxd4 e5 8.Be3 exd4
9.Bxd4 Be7 10.c4 O-O 11.Bd3 Ng4 12.O-O Bf6 13.Nb3 Re8 14.Rc1 c5 15.Bxf6 Qxf6
16.h3 Ne5 17.Bb1 Ng6 18.Rc3 b6 19.Re1 Bb7 20.Nd2 Re6 21.Nf1 Rae8 22.Ng3 Qe5
23.Ree3 Nf4 24.Ne2 Qh5 25.f3 Qg5 26.Nxf4 Qxf4 27.Re2 f5 28.Qd2 Qxd2 29.Rxd2 R8e7
30.b3 Kf8 31.Kh2 fxe4 32.Bxe4 Bxe4 33.fxe4 Rf7 34.Rf3 Ke7 35.Kg3 Rff6 36.Re2 a6
37.a4 Kd7 38.Kf2 Kc6 39.h4 Rg6 40.Rf4 Ref6 41.Rf3 Rh6 42.g3 Rxf3+ 43.Kxf3 Rf6+
44.Kg2 Rf7 45.Rd2 Rb7 46.Rd5 b5 47.axb5+ axb5 48.e5 dxe5 49.Rxe5 bxc4 50.bxc4 Kb6
51.h5 Rc7 52.Re8 Rf7  1/2-1/2

[Event "K41 Scandinavian Open"]
[Site "Copenhagen DEN"]
[Date "2009.04.21"]
[Round "5"]
[White "Thorfinnsson,Bj"]
[Black "Bejtovic,J"]
[Result "1-0"]
[WhiteElo "2422"]
[BlackElo "2306"]

1.d4 Nf6 2.Bg5 Ne4 3.Bf4 c5 4.f3 Qa5+ 5.c3 Nf6 6.d5 Qb6 7.Bc1 e6 8.e4 exd5
9.exd5 Bd6 10.Na3 O-O 11.Be2 h6 12.Nh3 Re8 13.Nc4 Qc7 14.Kf2 b5 15.Nxd6 Qxd6
16.Bxb5 c4 17.Bxc4 Ba6 18.Qd4 Bxc4 19.Qxc4 Na6 20.Rd1 Rac8 21.Qd4 Nc5 22.Bf4 Qa6
23.c4 g5 24.Bg3 g4 25.Nf4 Nce4+ 26.fxe4 Rxc4 27.Qd3 Qb6+ 28.Kf1 Rexe4 29.Ne2 Qxb2
30.Rab1 Qxa2 31.Nc3 Rxc3 32.Qxc3 Nxd5 33.Rb8+ Kh7 34.Qh8+ Kg6 35.Qg8+ Kf6
36.Bh4+  1-0

[Event "Algimantas Cesnauskas Mem"]
[Site "Panevezys LAT"]
[Date "2009.04.26"]
[Round "9"]
[White "Labeckas,K"]
[Black "Hedman,E"]
[Result "1/2-1/2"]
[WhiteElo "2337"]
[BlackElo "2396"]

1.d4 Nf6 2.Bg5 Ne4 3.Bf4 c5 4.f3 Qa5+ 5.c3 Nf6 6.Nd2 cxd4 7.Nb3 Qb6 8.Qxd4 Nc6
9.Qxb6 axb6 10.e4 d5 11.e5 Nd7 12.Bb5 Nc5 13.Nxc5 bxc5 14.Ne2 Bd7 15.e6 Bxe6
16.Be3 Bd7 17.Bxc5 Ne5 18.Bxd7+ Kxd7 19.Kd2 e6 20.Bd4 Nc4+ 21.Kc2 e5 22.Bf2 b5
23.Rhd1 Kc6 24.b3 Na3+ 25.Kb2 f6 26.Rd2 Be7 27.Rad1 Rhd8 28.f4 b4 29.Rc1 Kb7
30.Rdd1 bxc3+ 31.Nxc3 Ra5 32.Be1 d4 33.Ne4 Rad5 34.b4 Nb5 35.a4 f5 36.Nf2 Nc3
37.Bxc3 dxc3+ 38.Kxc3 Rc8+ 39.Kb3 Rxc1 40.Rxc1 Rd2 41.Rc2 Rd4 42.Rc4 Rd2
43.Rc2 Rd4  1/2-1/2

[Event "41st TCh-ITA"]
[Site "Senigallia ITA"]
[Date "2009.04.30"]
[Round "1"]
[White "Vezzosi,P"]
[Black "Piscopo,P"]
[Result "1/2-1/2"]
[WhiteElo "2363"]
[BlackElo "2405"]

1.d4 Nf6 2.Bg5 Ne4 3.Bf4 c5 4.f3 Qa5+ 5.c3 Nf6 6.d5 d6 7.e4 g6 8.Na3 Bg7
9.Nc4 Qd8 10.a4 O-O 11.Qd2 Re8 12.Bd3 Na6 13.Ne2 Nc7 14.O-O b6 15.Ra2 Ba6
16.b4 Bxc4 17.Bxc4 Nd7 18.Bb5 Nxb5 19.axb5 Qc7 20.Rc1 Ne5 21.Rcc2 Rec8 22.Bg5 Nc4
23.Qd3 Ne5 24.Qd2 Nc4 25.Qd3 Ne5 26.Qd2  1/2-1/2

[Event "NK Jeugd A"]
[Site "Venlo NED"]
[Date "2009.04.30"]
[Round "7"]
[White "Miedema,R"]
[Black "Bok,B"]
[Result "0-1"]
[WhiteElo "2370"]
[BlackElo "2346"]

1.d4 Nf6 2.Bg5 Ne4 3.Bf4 d5 4.f3 Nf6 5.e4 e6 6.e5 Nfd7 7.Be3 c5 8.c3 Nc6
9.f4 Qb6 10.Qd2 Be7 11.Nf3 f6 12.Bd3 c4 13.Be2 O-O 14.Qc2 fxe5 15.fxe5 Ndxe5
16.Nbd2 Nxf3+ 17.Bxf3 Bd7 18.Bg4 Ne5 19.Be2 Be8 20.O-O-O Qa6 21.dxe5 Bg6
22.Qxg6 hxg6 23.Kb1 b5 24.Bg4 b4 25.cxb4 c3 26.Nb3 c2+  0-1

[Event "XXII Open"]
[Site "Benidorm ESP"]
[Date "2009.05.01"]
[Round "8"]
[White "Bellon Lopez,JuM"]
[Black "Kempinski,R"]
[Result "0-1"]
[WhiteElo "2439"]
[BlackElo "2587"]

1.d4 Nf6 2.Bg5 Ne4 3.Bh4 c5 4.Nd2 Qa5 5.c3 Nxd2 6.Qxd2 cxd4 7.Qxd4 Nc6 8.Qd2 g6
9.e4 Bg7 10.Bg5 d6 11.Bc4 Ne5 12.Be2 Be6 13.Bh6 Bxh6 14.Qxh6 O-O-O 15.Nf3 Nxf3+
16.Bxf3 Bc4 17.Qe3 Kb8 18.Be2 Qb5 19.Bxc4 Qxc4 20.b3 Qa6 21.Qe2 Qa5 22.Rc1 Rc8
23.Qc2 h5 24.O-O h4 25.h3 g5 26.f3 d5 27.exd5 Qxd5 28.Rfd1 Qc5+ 29.Qf2 Qc7
30.Qe3 f6 31.c4 Rhd8 32.Kh1 e5 33.Qe4 Rd6 34.Qc2 Rcd8 35.Rxd6 Qxd6 36.c5 Qd2
37.c6 Qxc2 38.Rxc2 Rc8 39.Rd2 Rxc6 40.Rd7 Ra6 41.a4 Rb6 42.Rf7 a5 43.g3 hxg3
44.Kg2 Kc8 45.Kxg3 Kd8 46.h4 gxh4+ 47.Kxh4 Ke8 48.Rc7 Rxb3 49.Kg4 Rb4+ 50.Kf5 Kd8
51.Rh7 Rf4+ 52.Ke6 Kc8 53.Kd6 Kb8 54.Kc5 Ka7 55.Kb5 Rxf3 56.Kxa5 e4 57.Kb4 Rf5
58.Rf7 e3  0-1

[Event "41st TCh-ITA"]
[Site "Senigallia ITA"]
[Date "2009.05.01"]
[Round "4"]
[White "Iotti,P"]
[Black "Aranovitch,E"]
[Result "1/2-1/2"]
[WhiteElo "2300"]
[BlackElo "2376"]

1.d4 Nf6 2.Bg5 Ne4 3.Bf4 c5 4.f3 Qa5+ 5.c3 Nf6 6.d5 e6 7.e4 d6 8.Na3 exd5
9.exd5 Be7 10.Bb5+ Bd7 11.Bxd7+ Nbxd7 12.Qd2 a6 13.c4 Qxd2+ 14.Kxd2 b5 15.b3 Nb6
16.Ne2 Kd7 17.g4 g6 18.Ng3 h5 19.h3 hxg4 20.hxg4 Rag8 21.Kd3 Nh7 22.Rae1 Nf6
23.Bd2 b4 24.Nc2 Ne8 25.a3 a5 26.axb4 axb4 27.Ra1 Nc7 28.g5 Bf8 29.Ne4 Bg7
30.Rae1 Rxh1 31.Rxh1 Rh8 32.Rxh8 Bxh8 33.Ne3 Ne8 34.Ng4 Nc8 35.Be3 Bc3 36.Bd2 Bh8
37.Be3 Ne7 38.Ng3 Bc3 39.Bxc5 Be1 40.Ne4  1/2-1/2